| 000 | 00651nam a2200217Ia 4500 | ||
|---|---|---|---|
| 005 | 20241129110128.0 | ||
| 008 | 241129s9999||||xx |||||||||||||| ||und|| | ||
| 020 | _a978-1-032-66908-3 | ||
| 037 | _aTB | ||
| 040 |
_aARTS _beng _cARTS |
||
| 041 |
_aeng _2eng |
||
| 084 |
_aNT44,N R3 _qARTS |
||
| 100 |
_aRay Arnab Ed.; Chakraborty Sibendu Ed. _9727310 |
||
| 245 | 0 |
_aTheatre, margins and politics: an introduction _cRay Arnab Ed.; Chakraborty Sibendu Ed. |
|
| 260 |
_aUK _bRoutledge _c2023 |
||
| 300 | _axvii,258p. | ||
| 365 |
_aINR _b1295 |
||
| 650 |
_aArtsTheatre-India _9727311 |
||
| 942 |
_cTB _hNT44,N R3 |
||
| 999 |
_c1227416 _d1227416 |
||